000 01635nam0a2200361 i 4500
001 RU\NLR\BIBL_A\010799866
005 20260408084737.0
010 _a9785918914366
_9300
021 _aRU
_b2015-40007
_92381
035 _a(NILC)RuMoRGB-007943725
035 _a(NLR Aleph) 010799866
090 _a10154388
_c10154388
100 _a20150728d2015 um y0rusy50 ca
101 0 _arus
102 _aRU
105 _ay|||j|||000yy
200 1 _aАрктический регион: вопросы международного сотрудничества
_f[д.полит.н. Конышев В. Н., д.полит.н. Сергунин А. А.]
210 _aМосква
_cСпецкнига
_cРСМД
_d2015
215 _a71 с.
_d24
225 2 _aУчебно-методические материалы
_fРоссийский совет по международным делам РСМД
_v№ 1/2015
309 _aБез тит. л. Описано по обл.
320 _aБиблиогр.: с. 60-69
607 _aАрктика
_xМеждународное сотрудничество
_92285617
_3RU\NLR\AUTH\6601597025
686 1 _aТ3(881)63-6
686 1 _aФ4(881)3
702 1 _4220
_8rus
_7ca
_aКонышев
_bВ. Н.
_f1959-
_gВалерий Николаевич
_3RU\NLR\AUTH\7746356
_929291
712 0 2 _4570
_aРоссийский совет по международным делам
_3RU\NLR\AUTH\8810203391
_9294745
801 0 _aRU
_bРГБ
_c20150601
_gRCR
801 1 _aRU
_bРГБ
_c20150601
_2rusmarc
942 _cBOOK
980 _aNBR